000 00555cam a22002053a 4500
001 39802
003 PGUSA
005 20140828083904.0
008 120526s2012||||xxu|||||s|||||000 | eng d
040 _aPGUSA
_beng
042 _adc
100 1 _aBashford, H. H.
245 1 0 _aTommy Wideawake
_h[electronic resource] /
_cH. H. Bashford
260 _bProject Gutenberg,
_c2012
506 _aPublic domain in the USA.
516 _aElectronic text
830 0 _aProject Gutenberg
_v39802
856 4 0 _uhttp://www.gutenberg.org/ebooks/39802
942 _cEB
999 _c269055
_d269055